Northern Trains stations - Statistics

General Stats
  • This quiz has been taken 463 times
    29 since last reset
  • The average score is 227 of 522
Answer Stats
Answer % Correct
Chester
95%
Manchester Piccadilly
95%
Doncaster
89%
Huddersfield
89%
Liverpool Lime Street
89%
Manchester Victoria
89%
Sheffield
89%
Stockport
89%
Crewe
84%
Leeds
84%
Manchester Airport
84%
Preston
84%
Blackburn
79%
Blackpool North
79%
Blackpool South
79%
Bolton
79%
Bradford Interchange
79%
Buxton
79%
Glossop
79%
Hope
79%
Hull
79%
Manchester Oxford Road
79%
Newcastle
79%
Nottingham
79%
Salford Central
79%
Stalybridge
79%
Sunderland
79%
Wigan Wallgate
79%
York
79%
Barnsley
74%
Barrow-in-Furness
74%
Bradford Forster Square
74%
Deansgate
74%
Dent
74%
Halifax
74%
Harrogate
74%
Hartlepool
74%
Lancaster
74%
Middlesbrough
74%
New Mills Central
74%
Newton for Hyde
74%
Penistone
74%
Scarborough
74%
Styal
74%
Wakefield Westgate
74%
Warrington Bank Quay
74%
Wigan North Western
74%
Ashington
68%
Blackpool Pleasure Beach
68%
Brigg
68%
Carlisle
68%
Cleethorpes
68%
Denton
68%
Dore & Totley
68%
Durham
68%
Grimsby Town
68%
Lincoln
68%
Liverpool South Parkway
68%
Ormskirk
68%
Rochdale
68%
Shipley
68%
Stoke-on-Trent
68%
Todmorden
68%
Warrington Central
68%
Windermere
68%
Bridlington
63%
Chinley
63%
Darlington
63%
Dewsbury
63%
Edale
63%
Filey
63%
Guide Bridge
63%
Hadfield
63%
Horton-in-Ribblesdale
63%
Ilkley
63%
Keighley
63%
Macclesfield
63%
Marple
63%
Oxenholme Lake District
63%
Ribblehead
63%
Salford Crescent
63%
Scunthorpe
63%
Selby
63%
Skipton
63%
Southport
63%
Swinton
63%
Workington
63%
Altrincham
58%
Barnetby
58%
Bishop Auckland
58%
Brough
58%
Burley-in-Wharfedale
58%
Burnley Manchester Road
58%
Castleford
58%
Church Fenton
58%
Cottingham
58%
Darnall
58%
Driffield
58%
Eccles
58%
Gainsborough Lea Road
58%
Hebden Bridge
58%
Hexham
58%
Kirkham & Wesham
58%
Morecambe
58%
New Mills Newtown
58%
Pontefract Monkhill
58%
Poulton-le-Fylde
58%
Reddish North
58%
Reddish South
58%
Saltaire
58%
Seamer
58%
Stockton
58%
Whitby
58%
Whitehaven
58%
Wilmslow
58%
Worksop
58%
Accrington
53%
Appleby
53%
Ardwick
53%
Ashburys
53%
Aspatria
53%
Bamford
53%
Batley
53%
Bedlington
53%
Bentham
53%
Bentley
53%
Beverley
53%
Burnley Barracks
53%
Chesterfield
53%
Ferriby
53%
Frodsham
53%
Goole
53%
Gorton
53%
Guiseley
53%
Headingley
53%
Helsby
53%
Hessle
53%
Irlam
53%
James Cook
53%
Kendal
53%
Knaresborough
53%
Knottingley
53%
Levenshulme
53%
Lostock
53%
Low Moor
53%
Lytham
53%
Maryport
53%
Meadowhall
53%
Mexborough
53%
Morpeth
53%
New Pudsey
53%
Newton-le-Willows
53%
Poppleton
53%
Redcar Central
53%
Retford
53%
Rose Hill Marple
53%
Rotherham Central
53%
Seaham
53%
Sellafield
53%
Settle
53%
Sowerby Bridge
53%
Thornaby
53%
Thorne North
53%
Wakefield Kirkgate
53%
Whalley
53%
Alfreton
47%
Alnmouth
47%
Bamber Bridge
47%
Battersby
47%
Bingley
47%
Bramley
47%
Brighouse
47%
Burley Park
47%
Burnley Central
47%
Chapel-en-le-Frith
47%
Chathill
47%
Chester-le-Street
47%
Chorley
47%
Clitheroe
47%
Conisbrough
47%
Cross Gates
47%
Dove Holes
47%
Dronfield
47%
Eaglescliffe
47%
East Didsbury
47%
Edge Hill
47%
Fitzwilliam
47%
Gainsborough Central
47%
Gilberdyke
47%
Grindleford
47%
Grosmont
47%
Hammerton
47%
Hatfield & Stainforth
47%
Hathersage
47%
Heysham Port
47%
Hunmanby
47%
Hyde Central
47%
Ilkeston
47%
Knutsford
47%
Leyland
47%
Manors
47%
MetroCentre
47%
Mobberley
47%
Moorthorpe
47%
Navigation Road
47%
Normanton
47%
Northwich
47%
Pannal
47%
Pontefract Baghill
47%
Saltburn
47%
Sandbach
47%
Seascale
47%
Sherburn-in-Elmet
47%
Smithy Bridge
47%
South Elmsall
47%
Starbeck
47%
Ulverston
47%
Wavertree Technology Park
47%
Widnes
47%
Adwick
42%
Apperley Bridge
42%
Belle Vue
42%
Bempton
42%
Ben Rhydding
42%
Blyth Bebside
42%
Bolton-upon-Dearne
42%
Bredbury
42%
Burscough Bridge
42%
Burscough Junction
42%
Carnforth
42%
Cattal
42%
Cheadle Hulme
42%
Congleton
42%
Cononley
42%
Corbridge
42%
Cramlington
42%
Danby
42%
Denby Dale
42%
Disley
42%
East Garforth
42%
Featherstone
42%
Garforth
42%
Glasshoughton
42%
Hale
42%
Haltwhistle
42%
Hazel Grove
42%
Heald Green
42%
Heaton Chapel
42%
Hornbeam Park
42%
Horsforth
42%
Howden
42%
Hyde North
42%
Ince
42%
Kidsgrove
42%
Kirk Sandall
42%
Kirton Lindsey
42%
Kiveton Bridge
42%
Kiveton Park
42%
Lea Green
42%
Lostock Gralam
42%
Marske
42%
Micklefield
42%
Mirfield
42%
Mytholmroyd
42%
Newsham
42%
Newton Aycliffe
42%
Northumberland Park
42%
Outwood
42%
Pontefract Tanshelf
42%
Ravenglass
42%
Redcar East
42%
Romiley
42%
Rose Grove
42%
Runcorn East
42%
Seaton Carew
42%
Seaton Delaval
42%
Sleights
42%
Steeton & Silsden
42%
Thorne South
42%
Trafford Park
42%
Ulleskelf
42%
Urmston
42%
Wombwell
42%
Allens West
37%
Appley Bridge
37%
Ashton-under-Lyne
37%
Billingham
37%
Bootle
37%
Brampton
37%
Brinnington
37%
Broadbottom
37%
Broad Green
37%
Burnage
37%
Castleton
37%
Chapeltown
37%
Colne
37%
Cottingley
37%
Crossflatts
37%
Cuddington
37%
Darwen
37%
Delamere
37%
Dinting
37%
Dunston
37%
Earlestown
37%
Eastrington
37%
Fairfield
37%
Flowery Field
37%
Frizinghall
37%
Furness Vale
37%
Garsdale
37%
Gatley
37%
Giggleswick
37%
Glaisdale
37%
Goldthorpe
37%
Great Ayton
37%
Headbolt Lane
37%
Hellifield
37%
Heworth
37%
Holmes Chapel
37%
Horden
37%
Horwich Parkway
37%
Hunts Cross
37%
Hutton Cranswick
37%
Huyton
37%
Ince & Elton
37%
Kirkstall Forge
37%
Langley Mill
37%
Lostock Hall
37%
Morley
37%
Mouldsworth
37%
Nelson
37%
North Road
37%
Nunthorpe
37%
Patricroft
37%
Prestbury
37%
Ruswarp
37%
Sandal & Agbrigg
37%
Saxilby
37%
Shildon
37%
Shireoaks
37%
South Milford
37%
St Bees
37%
St Helens Central
37%
Strines
37%
Thurnscoe
37%
Warrington West
37%
Weeton
37%
Whaley Bridge
37%
Woodhouse
37%
Woodlesford
37%
Woodsmoor
37%
Wressle
37%
Acklington
32%
Adlington
32%
Alderley Edge
32%
Arram
32%
Ashley
32%
Baildon
32%
Bardon Mill
32%
Berry Brow
32%
Birchwood
32%
Blaydon
32%
Brockholes
32%
Broomfleet
32%
Bryn
32%
Burneside
32%
Cark & Cartmel
32%
Castleton Moor
32%
Commondale
32%
Corkickle
32%
Darton
32%
Davenport
32%
Dodworth
32%
Egton
32%
Elsecar
32%
Euxton Balshaw Lane
32%
Gargrave
32%
Garswood
32%
Grange-over-Sands
32%
Gypsy Lane
32%
Hapton
32%
Hensall
32%
Hough Green
32%
Kirkby Stephen
32%
Long Preston
32%
Marton
32%
Mauldeth Road
32%
Menston
32%
Middlewood
32%
Mills Hill
32%
Mossley Hill
32%
Moss Side
32%
Moston
32%
Nafferton
32%
Poynton
32%
Prescot
32%
Prudhoe
32%
Rawcliffe
32%
Ryder Brow
32%
Sankey for Penketh
32%
Snaith
32%
South Bank
32%
Staveley
32%
St Helens Junction
32%
West Allerton
32%
Widdrington
32%
Wylam
32%
Armathwaite
26%
Arnside
26%
Atherton
26%
Bramhall
26%
Clapham
26%
Croston
26%
Crowle
26%
Deighton
26%
Drigg
26%
Eccleston Park
26%
Ellesmere Port
26%
Greenbank
26%
Hag Fold
26%
Halewood
26%
Hall i' th' Wood
26%
Handforth
26%
Haydon Bridge
26%
Heighington
26%
Kildale
26%
Langwathby
26%
Layton
26%
Littleborough
26%
Longbeck
26%
Longport
26%
Millom
26%
Pegswood
26%
Plumley
26%
Rainhill
26%
Ravensthorpe
26%
Riding Mill
26%
Roby
26%
Saltmarshe
26%
Silverdale
26%
St Annes-on-the-Sea
26%
Stocksfield
26%
Streethouse
26%
Thatto Heath
26%
Walkden
26%
Walsden
26%
Wetheral
26%
Whiston
26%
Whitley Bridge
26%
Wigton
26%
Woodley
26%
Althorpe
21%
Ansdell & Fairhaven
21%
Askam
21%
Bare Lane
21%
Blackrod
21%
Bromley Cross
21%
Buckshaw Parkway
21%
Chassen Road
21%
Church & Oswaldtwistle
21%
Daisy Hill
21%
Dalston
21%
Dalton
21%
Dinsdale
21%
Entwistle
21%
Flimby
21%
Flixton
21%
Godley
21%
Green Road
21%
Harrington
21%
Hattersley
21%
Hindley
21%
Honley
21%
Humphrey Park
21%
Huncoat
21%
Kents Bank
21%
Kirkby-in-Furness
21%
Langho
21%
Lazonby & Kirkoswald
21%
Lealholm
21%
Lockwood
21%
Meols Cop
21%
Mill Hill
21%
Moorside
21%
Orrell
21%
Padgate
21%
Parton
21%
Pleasington
21%
Rainford
21%
Rishton
21%
Roose
21%
Rufford
21%
Shepley
21%
Silecroft
21%
Silkstone Common
21%
Squires Gate
21%
Wennington
21%
Bescar Lane
16%
Braystones
16%
Chelford
16%
Cherry Tree
16%
Clifton
16%
Farnworth
16%
Foxfield
16%
Glazebrook
16%
Goostrey
16%
Kearsley
16%
Moses Gate
16%
Nethertown
16%
New Lane
16%
Pemberton
16%
Ramsgreave & Wilpshire
16%
Salwick
16%
Stocksmoor
16%
Upholland
16%
Brierfield
11%
Gathurst
11%
Hoscar
11%
Parbold
11%
Westhoughton
11%
No matching quizzes found
Score Distribution
Percent of People with Each Score
Percentile by Number Answered
Your Score History
You have not taken this quiz since the last reset